Schnelle Mathematik - Addition Level 01 - Statistiken

Allgemein
  • Dieses Quiz wurde 398 mal gespielt
  • Das Durchschnittsergebnis liegt bei 20 aus 20
Antwortstatistiken
Frage Antwort % Korrekt
0+0 0
100%
1+0 1
100%
0+10 10
100%
2+8 10
100%
3+7 10
100%
7+3 10
100%
9+1 10
100%
0+2 2
100%
1+1 2
100%
2+0 2
100%
1+2 3
100%
3+0 3
100%
1+3 4
100%
3+1 4
100%
4+0 4
100%
0+5 5
100%
2+3 5
100%
3+2 5
100%
5+0 5
100%
3+3 6
100%
4+2 6
100%
4+3 7
100%
5+2 7
100%
1+7 8
100%
8+0 8
100%
0+9 9
100%
1+8 9
100%
5+4 9
100%
6+3 9
100%
8+1 9
100%
9+0 9
100%
10+0 10
99%
0+1 1
98%
1+9 10
98%
4+6 10
98%
6+4 10
98%
2+1 3
98%
2+2 4
98%
0+6 6
98%
1+5 6
98%
5+1 6
98%
6+0 6
98%
2+5 7
98%
3+4 7
98%
6+1 7
98%
0+8 8
98%
2+6 8
98%
3+5 8
98%
4+4 8
98%
5+3 8
98%
6+2 8
98%
7+1 8
98%
2+7 9
98%
3+6 9
98%
4+5 9
98%
7+2 9
98%
8+2 10
97%
0+4 4
97%
2+4 6
97%
1+6 7
97%
5+5 10
96%
1+4 5
96%
4+1 5
96%
0+7 7
96%
7+0 7
96%
0+3 3
95%
Keine übereinstimmenden Quizze gefunden
Verteilung der Resultate
Anzahl Personen mit jedem Resultat
Perzentil nach korrekt beantworteten Fragen
Ihre Resultats-Entwicklung
Sie haben dieses Quiz noch nicht gespielt